Statistics for THE Hardest Counting Quiz

Click here to take the quiz!

General Stats

  • This quiz has been taken 514 times
  • The average score is 30 of 31

Answer Stats

HintAnswer% Correct
1+01
100%
-1+0-1
100%
-11-0-11
99%
11+011
99%
12+012
99%
-12+0-12
99%
15-15-15-15
99%
15+015
99%
5+05
99%
-5+0-5
99%
1000/10010
98%
-10+0-10
98%
13+013
98%
-13-0-13
98%
14+014
98%
-14+0-14
98%
-3+0-3
98%
3+03
98%
4+04
98%
-4-0-4
98%
-6-0-6
98%
6+06
98%
0+-7-7
98%
7+07
98%
0--88
98%
-8-0-8
98%
9+09
98%
-10+1-9
98%
2+02
97%
-2-0-2
97%
0+10-15+50
95%

Score Distribution

Percentile by Number Answered

Percent of People with Each Score

Your Score History

You have not taken this quiz